00809nam a22002417a 450000500170000001000130001702000210003003500130005103700160006404000120008008200170009210000230010924500460013226000650017827000230024330000280026650000410029465000350033565000260037094200260039699900190042295201260044120170124110016.0 aA-798239 c38.00a812301789 aA-798239 bCen Lib/Ret aDPLbEN a333.783bBIS aBisht, R.S.918773 aNational parks of india /cby R.S. Bisht  bMinistary of Information and Broadcasting c1995aNew Delhi  bNew Delhi e110001 a136p. ;c20cm(Hb)bill. aIncludes bibliographical references  aNational parks zIndia 918774 aWilds animals 918775 2ddccENh333.783mBIS c126893d126893 00104070aLbLd2015-06-26eCen Lib/Retg38.00l0o333.783 BISpA-798239r2015-06-26 00:00:00t1v38.00w2015-06-26yEN